Visualizzazione normale
Vista MARC
- Maria Ossi
di Personal Name
Records bibliografici associati: 1
001 - CONTROL NUMBER
- control field: 36305
003 - CONTROL NUMBER IDENTIFIER
- control field: IT-RoPau
005 - DATE AND TIME OF LATEST TRANSACTION
- control field: 20151019224748.0
008 - FIXED-LENGTH DATA ELEMENTS
- fixed length control field: 151019|| aca||aabn | a|a d
040 ## - CATALOGING SOURCE
- Original cataloging agency: IT-RoPau
- Transcribing agency: IT-RoPau
100 ## - HEADING--PERSONAL NAME
- Personal name: Maria Ossi
670 ## - SOURCE DATA FOUND
- Source citation: Work cat.: (IT-RoPau)36648: Maria Ossi, I grandi problemi del pensiero umano, 1973